| 000 | 00689nam a2200217Ii 4500 | ||
|---|---|---|---|
| 003 | JO-AjNU | ||
| 008 | 230605s9999||||xx |||||||||||||| ||und|| | ||
| 017 | _a2004/1/142 | ||
| 040 |
_aJO-AjNU _bara _erda _cJO-AjNU |
||
| 041 | _aara | ||
| 050 | 1 | 4 | _aPN6267.A7.B32 2004 |
| 100 | 3 |
_aإعداد بديع،محمود, _eauthor _913546 |
|
| 245 | 0 | 0 | _a150قصة من قصص العرب وحكمهم |
| 250 | _aط1 | ||
| 264 | 3 | 1 | _aعمان: دار الإسراء، 2004 |
| 300 | _a96ص | ||
| 336 |
_atext _btxt _2rdacontent |
||
| 337 |
_aunmediated _bn _2rdamedia |
||
| 338 |
_avolume _bnc _2rdacarrier |
||
| 650 | 4 |
_aالعرب - تاريخ العرب - التاريخ الإسلامي _913547 |
|
| 999 |
_aA3401 _c6969 _d6969 |
||